000 00523nam a2200181 i 4500
001 66147
003 ES-MaACL
005 20230906165544.0
007 t|
008 040128s1971 sp ||||1| spa d
100 1 _aGadney, Reg.
_953196
245 1 0 _aCoacción
_b: (drawn blanc) /
_cReg Gadney ; [traducción de Enrique de Obregón].
250 _a[1ª ed.].
260 _aBarcelona :
_bNoguer,
_c[1971]
300 _a232 p. ;
_c19 cm.
700 1 _aObregón, Enrique de.
_986425
852 _aES-MaACL
_jC-40184
_bR.75557
999 _c66147
_d66147